000 00813cam a2200313M 4500
001 80878
005 20230410130822.0
008 091205s2003 fr 000 f fre d
035 _a(OCoLC)ocn473255062
040 _aDKDLA
_bdan
_cDKDLA
020 _a225310907X
020 _a9782253109075
029 0 _aDKDLA
_b36149430
029 1 _aDKDLA
_b29841687
029 1 _aDKDLA
_b29748190
029 1 _aDKDLA
_b34663705
035 _a(OCoLC)473255062
049 _aGRAL
050 1 4 _aPQ 3988.5
_bD591v 2003
082 0 0 _a843/.92
100 1 _aDiome, Fatou,
_d1968-
245 1 3 _aLe ventre de l'Atlantique /
_cFatou Diome.
260 _aParis :
_bEditions Anne Carriere,
_c2003.
300 _a254 p. ;
_c18 cm.
650 4 _aNovela francesa.
942 _2lcc
_cbk
994 _aC0
_bDRFGD
946 _aRdC
999 _c80970
_d80970